000 00541nam a2200181Ia 4500
999 _c1803
_d1803
003 OSt
005 20200928125050.0
008 190216s9999||||xx |||||||||||||| ||und||
020 _a8123906293
040 _coclc
082 _a581.6
_bSAM/T
100 _aSammbamurty, A V S S
_95073
245 0 _aA Text Book Of Modern Economic Botany /
_cA V S S Sammbamurty ; N S Subrahmanyam
260 _bCbs Publishers,
_c2008.
_aNew Delhi:
300 _a239p
650 _aBotany
942 _cBK
_2ddc
_h581.6
_iSAM/T
_k581.6
_mSAM/T